Normal view MARC view
  • SHUKLA, KRIPA SHANKAR

Entry Personal Name

Number of records used in: 1

001 - CONTROL NUMBER

  • control field: 8876

003 - CONTROL NUMBER IDENTIFIER

  • control field: JRU

005 - DATE AND TIME OF LATEST TRANSACTION

  • control field: 20260227124951.0

008 - FIXED-LENGTH DATA ELEMENTS

  • fixed length control field: 260227|| aca||aabn | a|a d

040 ## - CATALOGING SOURCE

  • Original cataloging agency: JRU
  • Transcribing agency: JRU

100 ## - HEADING--PERSONAL NAME

  • Personal name: SHUKLA, KRIPA SHANKAR

670 ## - SOURCE DATA FOUND

  • Source citation: Work cat.: (JRU)9052: SHUKLA, KRIPA SHANKAR, GANITAPANCAVIMSI-INTRODUCTION, ENGLISH TRANSLATION WITH EDITED SANSKRIT TEXT, 2017